| 000 | 00857cam a22002054a 4500 | ||
|---|---|---|---|
| 005 | 20250605163939.0 | ||
| 008 | 250528s ||||||||||||||||||||||||d | ||
| 035 | _a14971 | ||
| 020 | _a314649751 | ||
| 040 |
_aGR-AtMCL _bgre _dGR-AtMCL _eAACR2 |
||
| 245 | 1 | _aComputers and Information Processing Today / Third Edition | |
| 250 | _a3rd | ||
| 260 |
_bWest Publishing Company, _c1989 |
||
| 520 | _aThe Role of Computers in Today's Society, Data Processing and Computer Hardware, Input/ Output Devices, Storage Devices, Data Structures and File Design, Data Communication, Computer Systems, Microcomputers, The Programming Process, Software, Application Software, Information Systems, Computers in Our Future, Glossary, Index. | ||
| 700 | 1 |
_aDunikoski H. Robert _9788 |
|
| 700 | 1 |
_aMandell L. Steven _9789 |
|
| 942 | _cBK | ||
| 999 |
_c580 _d580 |
||